000 00324nam a22001457a 4500
003 OSt
005 20160727222355.0
008 160622b xxu||||| |||| 00| 0 eng d
040 _cTest
100 _9504
_aNavdeep
245 _aNursery Rhymes
260 _aDelhi
_b Navdeep
_c1997
300 _aNursery Rhymes
942 _2ddc
_cBK
999 _c418
_d418